Retallable del monestir de Sant Jeroni de la Murtra : Parc de la Serralada de Marina Parc de la Serralada de Marina
Descripción Física:
1 retallable (9 làmines) : il·lustracions ; 27 cm
Colección:
Viu el Parc!
Materias:
Sant Jeroni de la Murtra (Monestir : Badalona)
; Parc de la Serralada de Marina (Catalunya)
; Retallables (Art)
Idioma:
Catalán
MARC
| LEADER | 00000nam a2200000 4500 | ||
|---|---|---|---|
| 001 | 25858 | ||
| 008 | 220530b spa||||| |||| 00| 0 cat d | ||
| 017 | |a DL B 26155-2018 | ||
| 080 | |a FU-70-33 | ||
| 245 | |a Retallable del monestir de Sant Jeroni de la Murtra : |b Parc de la Serralada de Marina | ||
| 260 | |a Barcelona : |b Diputació de Barcelona. Xarxa de Parcs Naturals, |c 2018 | ||
| 300 | |a 1 retallable (9 làmines) : |b il·lustracions ; |c 27 cm | ||
| 490 | 1 | |a Viu el Parc! | |
| 610 | 2 | 0 | |9 53146 |a Sant Jeroni de la Murtra (Monestir : Badalona) |
| 610 | 1 | 0 | |9 10205 |a Parc de la Serralada de Marina (Catalunya) |
| 650 | 0 | |9 46192 |a Retallables (Art) | |
| 710 | 1 | |9 7250 |a Barcelona (Catalunya : Província). |b Xarxa de Parcs Naturals | |
| 710 | 1 | |9 52730 |a Barcelona (Catalunya : Província). |b Gerència de Serveis d’Espais Naturals | |
| 830 | 0 | |9 55831 |a Viu el Parc! | |
| 942 | |2 udc |n 1 |c ARXIU | ||
| 952 | |0 0 |1 0 |4 0 |6 FU7033 |7 1 |9 62317 |a Arxiu |b Arxiu |d 2022-06-09 |l 0 |o FU-70-33 |p 25858 |r 2022-06-09 00:00:00 |w 2022-06-09 |y ARXIU | ||
| 999 | |c 81979 |d 81979 | ||